00150 a2200073 450000100060000010000170000624500260002326000270004935924 aYoshikawa H aDesign Theory for CAD aNorth HolbAmsterdamc